Kajian faktor kejayaan dan pencapaian usahawan muslim di Malaysia /
Saved in:
| 主要作者: | |
|---|---|
| 格式: | Thesis 图书 |
| 语言: | Malay |
| 出版: |
2016.
|
| 主题: | |
| 在线阅读: | http://studentsrepo.um.edu.my/id/eprint/6915 |
| 标签: |
添加标签
没有标签, 成为第一个标记此记录!
|
| LEADER | 01670cam a2200397 i 4500 | ||
|---|---|---|---|
| 001 | u1045558 | ||
| 003 | SIRSI | ||
| 005 | 201701040857 | ||
| 008 | 170104s2016 my a m 000 0 may | ||
| 040 | |a UMM |d UMA |d AUM |e rda | ||
| 043 | |a a-my--- | ||
| 090 | |a BP42 |b A1 UMP 2016 Yazhy | ||
| 094 | |a BP42 |b A1 UMP 2016 Yazhy | ||
| 100 | 0 | |a Yazilmiwati Yaacob, |e author. | |
| 245 | 1 | 0 | |a Kajian faktor kejayaan dan pencapaian usahawan muslim di Malaysia / |c Yazilmiwati @ Hasni binti Yaacob. |
| 264 | 1 | |c 2016. | |
| 264 | 4 | |c 2016. | |
| 300 | |a xx, 430 leaves : |b illustrations ; |c 30 cm. | ||
| 336 | |a text |2 rdacontent | ||
| 337 | |a unmediated |2 rdamedia | ||
| 337 | |a computer |2 rdamedia | ||
| 338 | |a volume |2 rdacarrier | ||
| 338 | |a computer disc |2 rdacarrier | ||
| 500 | |a Issued also in CD. | ||
| 502 | |b Ph.D. |c Jabatan Syariah dan Pengurusan, Akademi Pengajian Islam, Universiti Malaya |d 2016. | ||
| 504 | |a Bibliography: leaves 272-287. | ||
| 650 | 0 | |a Entrepreneurship |z Malaysia. | |
| 650 | 0 | |a Muslim businesspeople |z Malaysia. | |
| 650 | 0 | |a Economics |x Religious aspects |x Islam. | |
| 710 | 2 | |a Universiti Malaya. |b Jabatan Syariah dan Pengurusan, |e degree granting institution. | |
| 856 | 4 | 1 | |u http://studentsrepo.um.edu.my/id/eprint/6915 |
| 900 | |a NSR NSM | ||
| 596 | |a 1 18 25 | ||
| 999 | |a BP42 A1 UMP 2016 YAZHY |w LC |c 1 |i A516283092 |l RESERVES |m P18ISLPURI |r Y |s Y |t TESIS |u 3/5/2017 |1 AHSS |2 GIFT | ||
| 999 | |a BP42 A1 UMP 2016 YAZHY |w LC |c 1 |i A516613910 |d 14/12/2017 |e 14/12/2017 |f 15/5/2017 |g 1 |l STACKS |m P01UTAMA |n 1 |r Y |s Y |t TESIS |u 12/5/2017 | ||
| 999 | |a BP42 A1 UMP 2016 YAZHY |w LC |c 1 |i A516569972 |f 13/7/2023 |g 1 |l STACKS |m P25UMARCHI |r N |s Y |t CD |u 25/10/2017 |1 AHSS |o .STAFF. MST-CD4001 | ||
